Status of the west Indian manatee in Honduras (Registro nro. 9660)

Detalles MARC
000 -CABECERA
Campo de control 006220000a22002050004500
090 ## - CLASIFICACIÓN LOCAL
Colección AR
Consecutivo 00568
041 0# - IDIOMA
Código de idioma para texto/pista de sonido o título separado
100 1# - ASIENTO PRINCIPAL--NOMBRE PERSONAL
Nombre personal Rathbun, Galen B.
245 10 - MENCION DE TITULO
Título Status of the west Indian manatee in Honduras
650 14 - ASIENTO SECUNDARIO DE MATERIA - TERMINO TEMATICO
Término temático o nombre geográfico como elemento de entrada Mamíferos acuáticos
650 14 - ASIENTO SECUNDARIO DE MATERIA - TERMINO TEMATICO
Término temático o nombre geográfico como elemento de entrada Status
650 14 - ASIENTO SECUNDARIO DE MATERIA - TERMINO TEMATICO
Término temático o nombre geográfico como elemento de entrada Especies en extinción
650 14 - ASIENTO SECUNDARIO DE MATERIA - TERMINO TEMATICO
Término temático o nombre geográfico como elemento de entrada Mortalidad de fauna
651 #4 - ASIENTO SECUNDARIO DE MATERIA - NOMBRE GEOGRAFICO
-- Honduras
653 ## - TERMINO DE INDIZACION - NO CONTROLADO
-- Trichechus
-- Trichechus manatus
-- manati
700 1# - ASIENTO SECUNDARIO - NOMBRE PERSONAL
Nombre personal Powell, James A.
700 1# - ASIENTO SECUNDARIO - NOMBRE PERSONAL
Nombre personal Cruz, Gustavo
773 1# - Item fuente:
Título Biological Conservation
Especificación de materiales 147
Descripción física 26
Paginas del Articulo 301-308
Lugar, editorial y fecha de publicación 1983
942 ## - ELEMENTOS ADICIONALES (KOHA)
Tipo de ítem Artículo
Existencias
Withdrawn status Lost status Damaged status No para préstamo Colección Ubicación Permanente Ubicación actual Fecha de adquisición Fuente de Valor Datos de publicación Seriada Total Checkouts Número topográfico Inventario / Código de Barras Date last seen Ejemplar Price effective from Forma de adquisición Tipo de material
      No para Préstamo Hemeroteca Bogotá Bogotá 27/02/2015 Muñoz Saba, Yaneth Fuera de circulación   AR 00568 010877 25/03/2015 1 25/03/2015   Artículo
      No para Préstamo Hemeroteca Bogotá Bogotá 27/02/2015 Muñoz Saba, Yaneth Fuera de circulación   AR 00568 010878 25/03/2015 2 25/03/2015   Artículo